| 000 | 00867nam a2200253 i 4500 | ||
|---|---|---|---|
| 003 | DO-SdBNP | ||
| 005 | 20240904111748.0 | ||
| 007 | ta | ||
| 008 | 240904s1999 dr 000 0 spa d | ||
| 040 |
_aDO-SdBNP _bspa _cBNPHU _erda |
||
| 082 |
_a282.97293 _bC748d, 1999 _222 |
||
| 110 | 1 |
_aConferencia del Episcopado Dominicano _bInstituto Nacional de Pastoral _984283 |
|
| 245 | 1 | 0 |
_aDirectorio Católico Dominicano 1999 : _bdatos actualizados al 1 de julio del 1998 / |
| 250 | _a7a. edición | ||
| 264 | 1 |
_aSanto Domingo : _bEdiciones MSC, _c1999. |
|
| 300 |
_a375 páginas _c22 cm. |
||
| 336 |
_2rdacontent _atexto _btxt |
||
| 337 |
_2rdamedia _asin mediación _bn |
||
| 338 |
_2rdacarrier _avolumen _bnc |
||
| 590 | _aInventariado, 2024/ YL | ||
| 650 | 4 |
_aIglesia católica _xDirectorio _zRepública Dominicana _984284 |
|
| 910 | _aYLockward | ||
| 942 |
_2ddc _cLBS1 |
||
| 999 |
_c57625 _d57625 |
||